Duety o tych samych nazwiskach. - Statystyki

Ogólne statystyki
  • Ten quiz został rozwiązany 25 razy
  • Średni wynik to 6 z 15
Statystyki odpowiedzi
Osoby Nazwisko % Poprawnych
Dowódca AK / polski prezydent Tadeusz Bór Komorowski / Bronisław Komorowski
77%
Polski noblista / polska aktorka komediowa Henryk Sienkiewicz / Krystyna Sienkiewicz
73%
Amerykański astronauta / amerykański muzyk Neil Armstrong / Louis Armstrong
64%
Czeski skoczek narciarski / polska aktorka Jakub Janda / Krystyna Janda
55%
Polski poeta / polski siatkarz Jan Kochanowski / Jakub Kochanowski
55%
Legenda NBA / krakowski lekarz i społecznik Michael Jordan / Henryk Jordan
55%
Polsko-brytyjski pisarz / polski mistrz olimpijski, lekkoatleta Joseph Conrad Korzeniowski / Robert Korzeniowski
36%
Polski marszałek Sejmu Czteroletniego / polski dyskobol Stanisław Małachowski / Piotr Małachowski
36%
Polski inżynier, bohater Peru / polski mistrz olimpijski, biegacz Ernest Malinowski / Bronisław Malinowski
27%
Amerykański przemysłowiec / amerykański prezydent Henry Ford / Gerald Ford
27%
Amerykański prezydent, XVIII w./ amerykański aktor George Washington / Denzel Washington
18%
Polski chemik, odkrywca / polski premier III RP Karol Olszewski / Jan Olszewski
18%
Brytyjska pisarka / brytyjski sprinter Agatha Christie / Linford Christie
14%
Kolumbijski pisarz / meksykański pięściarz Gabriel Garcia Marquez / Juan Manuel Marquez
9%
Polska aktorka / polski siatkarz Karolina Gruszka / Piotr Gruszka
9%
Nie znaleziono quizów pasujących do podanych kryteriów
Rozkład punktacji
Procent ludzi z każdym wynikiem
Percentyl według liczby udzielonych odpowiedzi
Twoja historia wyników
Nie rozwiązałeś tego quizu